| 000 | 00000nam##2200000za#4500 |
| 001 | 9.647887 |
| 003 | CaOODSP |
| 005 | 20200330132303 |
| 007 | ta |
| 008 | 150407|2000||||xxc||||| f|0| 0 eng|d |
| 020 | |a0-662-28798-3 |
| 040 | |aCaOODSP|beng |
| 043 | |an-cn--- |
| 086 | 1 |aMR21-21/2000E |
| 110 | 1 |aCanada.|bMedical Research Council of Canada. |
| 245 | 12|aA legacy of excellence 1960-2000 |
| 260 | |aOttawa - Ontario : |bMedical Research Council |c2000. |
| 300 | |a84p. : |billus. ; |c15 cm. |
| 500 | |aN.B.: This publication was previously listed in Weekly Checklist 2000 No. 17, April 4, 2000. |
| 563 | |aSoftcover |
| 590 | |a00-36|b2000-09-08 |
| 690 | 07|aMedical research|2gcpds |
| 690 | 07|aHistory|2gcpds |
| 690 | 07|aFuture|2gcpds |
| 690 | 07|aCommemoration|2gcpds |
| 775 | 08|tUn héritage d'excellence, 1960-2000 |w(CaOODSP)9.681268 |
| 776 | 0#|tA legacy of excellence, 1960-2000 |w(CaOODSP)9.696387 |